000 00308nam a22001217a 4500
020 _a81-7709-527-7
082 _a574
_bSAH/B
100 _aL.C.SAHA, D.K. SINHA
245 _aBIOLOGY LAB MANUAL
_bCLASS XI
260 _aPATNA
_bBHARATI BHAWAN PUBLISHERS
_c2004
650 _aBIOLOGY FOR CLASS XI
_zINDIA
942 _cBK
999 _c501
_d501